000 00501nam a22001577a 4500
999 _c527470
_d527470
020 _qHBK.
082 _a658
100 _aMuzaffar, Asma
245 _a3G Launch in Pakistan : A Comparative Study of Readiness of Pakistani Telecom Industry /
_cAsma Muzaffar.
260 _aIslamabad:
_bNBS - NUST,
_c2013.
300 _a62 p. : ill. ;
_c30cm.
942 _2ddc
_cTHE
650 _aMBA Thesis.
_917629
700 _aMs. Nadia Zaheer Khan.
_918753